000 00499nmm a2200169Ia 4500
008 251105s9999||||xx |||||||||||||||||und||
020 _a9781558852969
041 _aeng
100 _aPerez, Luiz
245 0 _aEl Coyote, the rebel
264 _a[Washington, Estados Unidos] :
_bArte Público Press,
_c2000
300 _a198 páginas
490 _aRecovering the U.S. Hispanic Literary Heritage
650 _aBiography
856 _uhttps://public.digitaliapublishing.com/a/23229
942 _cCF
999 _c74706
_d74706